Cân bằng ion trong hóa phân tích Lưu hành nội bộ T2
সংরক্ষণ করুন:
| প্রধান লেখক: | |
|---|---|
| বিন্যাস: | গ্রন্থ |
| ভাষা: | Undetermined |
| প্রকাশিত: |
TP.HCM
Trường Đại học Khoa học Tự nhiên TP.HCM
1999
|
| বিষয়গুলি: | |
| অনলাইন ব্যবহার করুন: | http://lrc.tdmu.edu.vn/opac/search/detail.asp?aID=2&ID=3484 |
| ট্যাগগুলো: |
ট্যাগ যুক্ত করুন
কোনো ট্যাগ নেই, প্রথমজন হিসাবে ট্যাগ করুন!
|
| Thư viện lưu trữ: | Trung tâm Học liệu Trường Đại học Thủ Dầu Một |
|---|
| LEADER | 00721nam a2200217Ia 4500 | ||
|---|---|---|---|
| 001 | TDMU_3484 | ||
| 008 | 210410s9999 xx 000 0 und d | ||
| 082 | |a 543 | ||
| 090 | |b N4994 | ||
| 100 | |a Nguyễn, Thị Xuân Mai | ||
| 245 | 0 | |a Cân bằng ion trong hóa phân tích | |
| 245 | 0 | |b Lưu hành nội bộ | |
| 245 | 0 | |c Nguyễn Thị Xuân Mai | |
| 245 | 0 | |n T2 | |
| 260 | |a TP.HCM | ||
| 260 | |b Trường Đại học Khoa học Tự nhiên TP.HCM | ||
| 260 | |c 1999 | ||
| 300 | |a 124tr. | ||
| 650 | |a Hóa phân tích |x Cân bằng ion | ||
| 856 | |u http://lrc.tdmu.edu.vn/opac/search/detail.asp?aID=2&ID=3484 | ||
| 980 | |a Trung tâm Học liệu Trường Đại học Thủ Dầu Một | ||